<?xml version="1.0" encoding="UTF-8"?>
<record
    xmlns:xsi="http://www.w3.org/2001/XMLSchema-instance"
    xsi:schemaLocation="http://www.loc.gov/MARC21/slim http://www.loc.gov/standards/marcxml/schema/MARC21slim.xsd"
    xmlns="http://www.loc.gov/MARC21/slim">

  <leader>02101nab a2200253uuc4500</leader>
  <controlfield tag="001">1351470</controlfield>
  <controlfield tag="005">20240202113347.0</controlfield>
  <controlfield tag="008">131126e20131201                    spa  </controlfield>
  <datafield tag="035" ind1=" " ind2=" ">
    <subfield code="a">1351470</subfield>
  </datafield>
  <datafield tag="040" ind1=" " ind2=" ">
    <subfield code="c">comduadb</subfield>
  </datafield>
  <datafield tag="041" ind1=" " ind2=" ">
    <subfield code="a">spa</subfield>
  </datafield>
  <datafield tag="100" ind1="1" ind2="0">
    <subfield code="a">Uribe Granja, Camilo</subfield>
    <subfield code="4">aut</subfield>
    <subfield code="e">aut</subfield>
    <subfield code="9">487577</subfield>
  </datafield>
  <datafield tag="245" ind1="1" ind2="0">
    <subfield code="a">Uso de metadoxilo en la intoxicaci&#xF3;n alcoh&#xF3;lica et&#xED;lica aguda. Servicios de Urgencias del Hospital de San Jos&#xE9;, Bogot&#xE1;, D.C.</subfield>
  </datafield>
  <datafield tag="520" ind1="3" ind2=" ">
    <subfield code="a">Introducci&#xF3;n: el abuso del alcohol y su dependencia son problemas de salud p&#xFA;blica, con morbilidad y mortalidad que requieren atenci&#xF3;n costosa en los servicios de urgencias. La prevalencia en Colombia es similar a la mundial con un consumo a m&#xE1;s temprana edad. Objetivo: describir la respuesta cl&#xED;nica y el tiempo de mejor&#xED;a de la embriaguez alcoh&#xF3;lica en pacientes tratados con metadoxilo vs. terapia convencional. M&#xE9;todos: estudio de serie de casos con diagn&#xF3;stico cl&#xED;nico de embriaguez alcoh&#xF3;lica et&#xED;lica grados 2 y 3, mayores de 18 a&#xF1;os, en el servicio de urgencias, que recibieron tratamiento est&#xE1;ndar y este mismo m&#xE1;s metadoxilo. Resultados: se incluyeron 39 pacientes, 79.4% hombres, distribuci&#xF3;n equivalente en ambos grupos de tratamiento con promedio de edad de 35 &#xB1; 13.3 a&#xF1;os. Hubo mejor&#xED;a a los 30 minutos en siete  pacientes con metadoxilo y tres  con manejo convencional, a los 60 minutos ocho  mejoraron con metadoxilo y cinco con convencional. Conclusiones: el metadoxilo puede ser fundamental en el manejo de la intoxicaci&#xF3;n alcoh&#xF3;lica disminuyendo el tiempo de observaci&#xF3;n m&#xE9;dica en urgencias.</subfield>
  </datafield>
  <datafield tag="650" ind1=" " ind2=" ">
    <subfield code="a">Embriaguez</subfield>
    <subfield code="9">84126</subfield>
  </datafield>
  <datafield tag="650" ind1=" " ind2=" ">
    <subfield code="a">Alcohol et&#xED;lico</subfield>
    <subfield code="9">75756</subfield>
  </datafield>
  <datafield tag="650" ind1=" " ind2=" ">
    <subfield code="a">Alcohol - Efectos adversos</subfield>
    <subfield code="9">205329</subfield>
  </datafield>
  <datafield tag="700" ind1="1" ind2="0">
    <subfield code="a">Hern&#xE1;ndez Barrera, Diego</subfield>
    <subfield code="4">aut</subfield>
    <subfield code="e">aut</subfield>
    <subfield code="9">700620</subfield>
  </datafield>
  <datafield tag="700" ind1="1" ind2="0">
    <subfield code="a">Cano Organista, Edwin</subfield>
    <subfield code="4">aut</subfield>
    <subfield code="e">aut</subfield>
    <subfield code="9">711825</subfield>
  </datafield>
  <datafield tag="700" ind1="1" ind2="0">
    <subfield code="a">Gonz&#xE1;lez Ferreira, Jhon</subfield>
    <subfield code="4">aut</subfield>
    <subfield code="e">aut</subfield>
    <subfield code="9">680669</subfield>
  </datafield>
  <datafield tag="700" ind1="1" ind2="0">
    <subfield code="a">Silva Flores, Manuel</subfield>
    <subfield code="4">aut</subfield>
    <subfield code="e">aut</subfield>
    <subfield code="9">711951</subfield>
  </datafield>
  <datafield tag="773" ind1="0" ind2=" ">
    <subfield code="t">Repertorio de Medicina y Cirug&#xED;a (Bogot&#xE1;)</subfield>
    <subfield code="g">Volumen 22, N&#xFA;mero 04, Diciembre 2013, p. 280-285</subfield>
    <subfield code="w">486162</subfield>
    <subfield code="x">0121-7372</subfield>
    <subfield code="0">127625</subfield>
  </datafield>
  <datafield tag="942" ind1=" " ind2=" ">
    <subfield code="c">ARIMP</subfield>
  </datafield>
  <datafield tag="999" ind1=" " ind2=" ">
    <subfield code="c">665287</subfield>
    <subfield code="d">665287</subfield>
  </datafield>
</record>
